000 00503nam a2200181Ia 4500
008 240729s9999 xx 000 0 und d
022 _a2772-9850
245 0 _aEco-Environment & Health
260 _aNetherlands
260 _bElsevier
650 _a Biology (General)
650 _a Ecology | Geography. Anthropology. Recreation
650 _a Environmental sciences
650 _aScience
856 _uhttps://doaj.org/toc/4349d0489ba244ebbe2f057c52f207a5
942 _2ddc
942 _cDOAJEJ
999 _c72370
_d72370
945 _a1
_bMadushi Gamage
_c1
_dMadushi Gamage